000 00302nam a22001337a 4500
008 181102b xxu||||| |||| 00| 0 eng d
020 _a015541559-X
041 _aeng
080 _22nd
_a101
100 _a24
101 _aFIL
245 _aIntroducing Philosophy
_cSolomon,R.C
942 _2udc
_cBK
999 _c51754
_d51754